The Polaris missile strike ; a general economic systems analysis /

Bibliographic Details
Main Author: Kuenne, Robert E.
Format: Book
Language:English
Published: [Columbus] : Ohio State University Press, [1967]
Subjects:

MARC

Tag First Indicator Second Indicator Subfields
LEADER 00000cam a2200000 4500
001 in00000055329
005 20151008052219.0
008 731003c19671966ohuad b 00010 eng
010 |a  66010715  
035 |a (OCoLC)00295368 
035 |9 AAH2255AM 
040 |a DLC  |c DLC  |d TXA  |d UtOrBLW 
049 |a TXAM  |c [471896] 
050 0 0 |a V993  |b .K8 
082 0 |a 359.32/574 
092 |a 359.32  |b K95p 
100 1 |a Kuenne, Robert E. 
245 1 4 |a The Polaris missile strike ;  |b a general economic systems analysis /  |c by Robert E. Kuenne. 
264 1 |a [Columbus] :  |b Ohio State University Press,  |c [1967] 
264 4 |c [©1966] 
300 |a xxv, 434 pages :  |b illustrations, charts. ;  |c 23 cm. 
336 |a text  |b txt  |2 rdacontent 
337 |a unmediated  |b n  |2 rdamedia 
338 |a volume  |b nc  |2 rdacarrier 
500 |a Library copy identical to one formerly in the Hazard Reduction and Recovery Center (HRRC) Library. 
504 |a Includes bibliographical references. 
650 0 |a Fleet ballistic missile weapons systems. 
650 0 |a Submarine warfare. 
999 |a MARS 
999 f f |s 0c7b57c4-8835-3b86-adc6-9c5949d41a0b  |i 06e9f775-6287-39bb-9c6a-0cf1122aee8a  |t 0 
952 f f |p ric  |a Texas A&M University  |b Rellis Campus  |c Joint Library Facility  |d Remote Storage  |t 0  |e V993 .K8  |h Library of Congress classification  |i unmediated -- volume  |m A14828919458 
998 f f |a V993 .K8  |t 0  |l Remote Storage